| 000 | 00598nam a2200193 4500 | ||
|---|---|---|---|
| 001 | 118537 | ||
| 003 | ES-MaACL | ||
| 005 | 20231226204636.0 | ||
| 007 | t| | ||
| 008 | 070214s1982 sp r ||||1| spa d | ||
| 100 | 1 |
_aPérez de Ayala, Ramón, _d1880-1962 _990763 |
|
| 245 | 1 | 3 |
_aEl ombligo del mundo / _cRamón Pérez de Ayala ; estudio preliminar y edición crítica por Angeles Prado. |
| 250 | _a[5ª ed.]. | ||
| 260 |
_aMadrid : _bOrígenes, _c1982. |
||
| 300 |
_a281 p. ; _c20 cm. |
||
| 700 | 1 |
_aPrado, Angeles. _993604 |
|
| 852 |
_aES-MaACL _jL-3177 _bR.103983 |
||
| 999 |
_c118537 _d118537 |
||